| 000 | 00380nam a22001697a 4500 | ||
|---|---|---|---|
| 003 | OSt | ||
| 008 | 250129b |||||||| |||| 00| 0 eng d | ||
| 020 | _a9789355325525 | ||
| 100 | _aDASGUPTA,Sanjoy | ||
| 245 | _aAlgorithms | ||
| 250 | _a1st | ||
| 260 |
_aNew Delhi _bTMH _c2023 |
||
| 300 | _a320 | ||
| 700 | _aPAPADIMITRIOU,Christos | ||
| 700 | _aVAZIRANI,Umesh | ||
| 942 | _2ddc | ||
| 999 |
_c13045 _d13045 |
||